Statystyki dla Kształty państw europejskich

Kliknij tutaj aby rozwiązać quiz!

Ogólne statystyki

  • Ten quiz został rozwiązany 4,786 razy
  • Średni wynik to 26 z 45

Statystyki odpowiedzi

Answer % poprawnych
Niemcy
96%
Wielka Brytania
95%
Francja
95%
Hiszpania
94%
Polska
92%
Norwegia
91%
Islandia
87%
Włochy
86%
Grecja
85%
Rosja
84%
Chorwacja
81%
Szwecja
80%
Dania
73%
Austria
73%
Słowacja
65%
Portugalia
64%
Ukraina
63%
Finlandia
62%
Białoruś
59%
Czechy
59%
Serbia
58%
Albania
58%
Rumunia
58%
Bułgaria
55%
Holandia
52%
Szwajcaria
50%
Irlandia
50%
Bośnia i Hercegowina
50%
Litwa
48%
Węgry
46%
Łotwa
45%
Watykan
45%
Estonia
44%
Kosowo
43%
Monako
42%
Malta
40%
Mołdawia
38%
Macedonia Północna
37%
Belgia
37%
Słowenia
27%
Liechtenstein
26%
Czarnogóra
26%
Luksemburg
26%
Andora
23%
San Marino
21%

Rozkład punktacji

Percentyl według liczby udzielonych odpowiedzi

Procent ludzi z każdym wynikiem

Twoja historia wyników

Nie rozwiązałeś tego quizu